| 000 | 00622nam a22002177a 4500 | ||
|---|---|---|---|
| 003 | OSt | ||
| 005 | 20140310181735.0 | ||
| 008 | 130319t xxu||||| |||| 00| 0 eng d | ||
| 020 | _a9780435966911 | ||
| 050 |
_aQA 11 _b.T944 2009 |
||
| 082 |
_aTR 510 _bT851 2009 |
||
| 100 |
_aTurner, D.A. _91559 |
||
| 245 |
_aEdexcel IGCSE mathematics A : _cD.A. Turner ...[et.al.] _bstudent book 1 / |
||
| 260 |
_aEdinburgh : _bPearson Education Ltd., _cc2009. |
||
| 300 |
_a321p. : _bcol. ill. ; _c26 cm. |
||
| 521 | _aFaculty | ||
| 541 | _j1 | ||
| 562 | _e1 | ||
| 650 |
_aMathematics. _9210 |
||
| 942 |
_2lcc _cBK-TR _kTR |
||
| 999 |
_c2550 _d2550 |
||